Conseil Provincial de Barcelona : Qui sommes-nous? : Pour que personne ne soit laissé pour compte Pour que personne ne soit laissé pour compte
Descripción Física:
1 tríptic DIN A-5 ; il·lustracions color ; 15 x 21 cm
Idioma:
Catalán , French
MARC
| LEADER | 00000nam a22000007a 4500 | ||
|---|---|---|---|
| 001 | 28443 | ||
| 003 | AGDB | ||
| 005 | 20260324181522.0 | ||
| 008 | 240318b spa||||| |||| 00| 0 cat d | ||
| 017 | |a B 19993-2023 | ||
| 040 | |a agdb |b cat | ||
| 041 | |a fre | ||
| 110 | 1 | |a Barcelona (Catalunya : Província). |b Diputació |9 52408 | |
| 240 | |a Diputació de Barcelona : Qui som? : Perquè ningú es quedi enrere |l [francès] | ||
| 245 | |a Conseil Provincial de Barcelona : Qui sommes-nous? : |b Pour que personne ne soit laissé pour compte | ||
| 250 | |a Novembre 2023 | ||
| 260 | |a Barcelona : |b Diputació de Barcelona ; |c 2023 | ||
| 300 | |a 1 tríptic DIN A-5 ; |b il·lustracions color ; |c 15 x 21 cm | ||
| 546 | |a També en català (R. 28439), castellà (R. 28441) i anglès (R. 28442) | ||
| 610 | 1 | 0 | |a Barcelona (Catalunya : Província). |b Diputació |9 52408 |
| 655 | 0 | |a Fulletons |9 55858 | |
| 942 | |c ARXIU |2 udc |n 1 | ||
| 952 | |0 0 |1 0 |4 0 |6 FU7691 |7 1 |9 96863 |a Arxiu |b Arxiu |d 2024-03-18 |l 0 |o FU-76-91 |p 28443 |r 2024-03-18 00:00:00 |w 2024-03-18 |y ARXIU | ||
| 999 | |c 128699 |d 128699 | ||